<?xml version="1.0" encoding="UTF-8"?>
<record
    xmlns:xsi="http://www.w3.org/2001/XMLSchema-instance"
    xsi:schemaLocation="http://www.loc.gov/MARC21/slim http://www.loc.gov/standards/marcxml/schema/MARC21slim.xsd"
    xmlns="http://www.loc.gov/MARC21/slim">

  <leader>00462nam a2200121Ia 4500</leader>
  <controlfield tag="008">260427s2026    xx            000 0 und d</controlfield>
  <datafield tag="041" ind1=" " ind2=" ">
    <subfield code="a">hin</subfield>
  </datafield>
  <datafield tag="082" ind1=" " ind2=" ">
    <subfield code="a">294.59</subfield>
  </datafield>
  <datafield tag="100" ind1=" " ind2=" ">
    <subfield code="a">&#x92A;&#x94D;&#x930;&#x93E;. &#x935;&#x93F;&#x936;&#x94D;&#x935;&#x93E;&#x938; &#x935;&#x93E;&#x938;&#x947;&#x915;&#x930; &#x935; &#x921;&#x949;. &#x938;&#x902;&#x92D;&#x93E;&#x91C;&#x940; &#x92E;&#x932;&#x927;&#x94D;&#x92F;&#x947;</subfield>
  </datafield>
  <datafield tag="245" ind1=" " ind2=" ">
    <subfield code="a">&#x915;&#x947;&#x936;&#x930;&#x92E;&#x93E;&#x924;&#x940; : &#x915;&#x935;&#x93F;&#x924;&#x93E; &#x906;&#x923;&#x93F; &#x938;&#x92E;&#x940;&#x915;&#x94D;&#x937;&#x93E;</subfield>
  </datafield>
  <datafield tag="260" ind1=" " ind2=" ">
    <subfield code="b">&#x936;&#x93E;&#x902;&#x924;&#x940; &#x92A;&#x94D;&#x930;&#x915;&#x93E;&#x936;&#x928;, &#x92A;&#x941;&#x923;&#x947;</subfield>
  </datafield>
  <datafield tag="300" ind1=" " ind2=" ">
    <subfield code="a">Hard/P-345</subfield>
  </datafield>
  <datafield tag="999" ind1=" " ind2=" ">
    <subfield code="c">1221086</subfield>
    <subfield code="d">1221086</subfield>
  </datafield>
  <datafield tag="952" ind1=" " ind2=" ">
    <subfield code="0">0</subfield>
    <subfield code="1">0</subfield>
    <subfield code="4">0</subfield>
    <subfield code="7">0</subfield>
    <subfield code="8">COEW</subfield>
    <subfield code="a">EWP</subfield>
    <subfield code="b">EWP</subfield>
    <subfield code="c">Shocase</subfield>
    <subfield code="d">2026-04-27</subfield>
    <subfield code="e">Bharati Vidyapeeth, Pune</subfield>
    <subfield code="g">400.00</subfield>
    <subfield code="l">0</subfield>
    <subfield code="o">294.59</subfield>
    <subfield code="p">EWP-D695</subfield>
    <subfield code="r">2026-04-27 00:00:00</subfield>
    <subfield code="w">2026-04-27</subfield>
    <subfield code="y">BK</subfield>
  </datafield>
</record>
